| 000 | 02573nam2a22004091 4500 | ||
|---|---|---|---|
| 001 | v19\rc\1891009 | ||
| 005 | 20251120190647.0 | ||
| 035 | _a(NLR Aleph) 004989522 | ||
| 090 |
_a6270902 _c6270902 |
||
| 100 | _a20080221d1911 u y0rusy50 ca | ||
| 101 | 1 |
_arus _cyid |
|
| 102 | _aRU | ||
| 105 | _ay z ||||| | ||
| 200 | 1 | _a[На распутье | |
| 210 | _d1911 | ||
| 215 | _a299 с. | ||
| 423 | 0 |
_11011#$arus$cyid$cyid$cyid _12001#$aВ одной общине$aКаббалисты$aЛюбовь _1700#1$aПерец$bЛ.$gЛеон _tЛюбовь _aПерец, Леон |
|
| 423 | 0 |
_11011#$arus$cyid$cyid _12001#$aЯсек$aМать _1700#1$aАш$bШ.$f1880-1957$gШолом$3RU\NLR\AUTH\7770011 _tМать _aАш, Шолом (1880-1957) |
|
| 423 | 0 |
_11011#$arus$cyid$cyid _12001#$aКвартирант$aТри силуэта _1700#1$aРейзин$bА.$f1876-1953$gАвраам _tТри силуэта _aРейзин, Авраам (1876-1953) |
|
| 423 | 0 |
_11011#$arus$cyid _12001#$aИдиот _1700#1$aГальперин$bФ. _tИдиот _aГальперин, Ф. |
|
| 423 | 0 |
_11011#$arus$cyid _12001#$aДрабкин _1700#1$aПинский$bД.$f1872-1959$gДавид _tДрабкин _aПинский, Давид (1872-1959) |
|
| 423 | 0 |
_11011#$arus$cyid _12001#$aПод горою _1700#1$aБрохес$bР.$f1880-1942$gРохл$6z01790 _1790#1$aБрохес$bР.$f1880-1942$gРохль _tПод горою _aБрохес, Рохл (1880-1942) |
|
| 423 | 0 |
_11011#$arus$cyid _12001#$aОмраченная суббота _1700#1$aКобрин$bЛ.$f1872-1946$gЛеон _tОмраченная суббота _aКобрин, Леон (1872-1946) |
|
| 423 | 0 |
_11011#$arus$cyid _12001#$aСумерки] _1700#1$aГиршбейн$bП.$f1880-1949$gПерец _tСумерки] _aГиршбейн, Перец (1880-1949) |
|
| 461 | 0 |
_1001v19\rc\1891008 _12001#$aАльманахи молодой еврейской литературы$fПод ред. С.А. Гибянского$vКн. 1 _96270894 _cСанкт-Петербург _d1911 _e2-е изд. Кн. 1- _fПод ред. С.А. Гибянского _nСоврем. мысль _tАльманахи молодой еврейской литературы _vКн. 1 |
|
| 540 | 1 | _aНа распутье | |
| 700 | 1 |
_aТайтш _bМ. Х. _f1885-1932 _gМоисей Хаймович |
|
| 801 | 0 |
_aRU _bNLR _gpsbo |
|
| 801 | 0 |
_aRU _bRuMoRGB _2psbo |
|
| 801 | 1 |
_aRU _bProSoft-M _2rusmarc |
|
| 852 |
_aNLR _j38.31.3.14 |
||
| 899 |
_aRuMoRGB _jU 49/337 |
||
| 899 | _aБАН | ||
| 899 | _aНБ МГУ | ||
| 942 | _cBOOK | ||
| 980 | _aNB | ||